000 00539nam a2200133Ia 4500
005 20260209120149.0
008 260209s9999||||xx |||||||||||||| ||und||
100 _aAnakha Angelina Anilesh
245 0 _aLeveraging ai in empowering consumers negotiate fair terms in contracts
260 _aBangaloreBangalore
_bNLSIU, Bangalore
_c2023 - 2024
300 _a36 p. ; 25 cm.
700 _aProf. Dr. Harishankar K Satyapalan - SupervisorProf. Dr. Harishankar K Satyapalan - Supervisor
856 _uhttps://dans.nls.ac.in/handle/123456789/2087
999 _c217646
_d217646